Memorial de Isla Negra.

Αποθηκεύτηκε σε:
Λεπτομέρειες βιβλιογραφικής εγγραφής
Κύριος συγγραφέας: Neruda, Pablo (autor)
Μορφή: Βιβλίο
Γλώσσα:Ισπανικά
Έκδοση: Buenos Aires, Argentina Losada 1964
Θέματα:
Ετικέτες: Προσθήκη ετικέτας
Δεν υπάρχουν, Καταχωρήστε ετικέτα πρώτοι!

MARC

LEADER 00000nam a2200000 a 4500
001 UCT2579
003 CL-VaPUC
005 20250416120900.0
008 961011e19640000AG |||||||||||||||||spa|d
999 |c 252634  |d 252632 
040 |c Pontificia Universidad Católica de Valparaíso 
082 0 4 |a Ch861 NER 1964  |2 21 
100 |a Neruda, Pablo  |e autor  |9 306531 
245 1 0 |a Memorial de Isla Negra. 
260 0 3 |a Buenos Aires, Argentina  |b Losada  |c 1964 
300 |a 5 volúmenes. 
505 |a v.1: Donde nace la vida. v.2: La luna en el laberinto. v.3: El fuego cruel. v.4: El cazador de raíces. v.5: Sonata crítica. 
583 |a last modification  |c 20140725 11:52:54  |k Rodrigo Vera 
650 0 |a Poesías chilenas   |9 265280 
650 0 |a Literatura chilena   |9 308278 
942 |c BK  |2 ddc 
945 |d 19961011 00:00:00  |a rleighto 
952 |0 0  |1 0  |2 ddc  |4 0  |6 CH_861_000000000000000_NER_1964  |7 0  |8 X  |9 272582  |a FDOBUD  |b FDOBUD  |d 2019-11-19  |h v.1  |i 3239101  |o Ch861 NER 1964  |p 3239101  |r 2019-11-19  |t 1  |w 2019-11-19  |y BK_X  |k BUD 
952 |0 0  |1 0  |2 ddc  |4 0  |6 CH_861_000000000000000_NER_1964  |7 0  |8 X  |9 272583  |a FDOBUD  |b FDOBUD  |d 2019-11-19  |h v.2  |i 3239071  |o Ch861 NER 1964  |p 3239071  |r 2019-11-19  |t 1  |w 2019-11-19  |y BK_X  |k BUD 
952 |0 0  |1 0  |2 ddc  |4 0  |6 CH_861_000000000000000_NER_1964  |7 0  |8 X  |9 272584  |a FDOBUD  |b FDOBUD  |d 2019-11-19  |h v.3  |i 3239098  |o Ch861 NER 1964  |p 3239098  |r 2019-11-19  |t 1  |w 2019-11-19  |y BK_X  |k BUD 
952 |0 0  |1 0  |2 ddc  |4 0  |6 CH_861_000000000000000_NER_1964  |7 0  |8 X  |9 272585  |a FDOBUD  |b FDOBUD  |d 2019-11-19  |h v.4  |i 3239063  |o Ch861 NER 1964  |p 3239063  |r 2019-11-19  |t 1  |w 2019-11-19  |y BK_X  |k BUD 
952 |0 0  |1 0  |2 ddc  |4 0  |6 CH_861_000000000000000_NER_1964  |7 0  |8 X  |9 272586  |a FDOBUD  |b FDOBUD  |d 2019-11-19  |h v.5  |i 3770346  |o Ch861 NER 1964  |p 3770346  |r 2019-11-19  |t 1  |w 2019-11-19  |y BK_X  |k BUD 
952 |0 0  |1 0  |2 ddc  |4 0  |6 CH_861_000000000000000_NER_1964  |7 0  |8 A  |9 272587  |a BIBEDU  |b BIBEDU  |d 2019-11-19  |h v.2  |i 3242250  |o Ch861 NER 1964  |p 3242250  |r 2019-11-19  |t 2  |w 2019-11-19  |y BK  |k LIT